[Event "Arequipa GP Peru Sur"]
[Site "Arequipa"]
[Date "2013.06.27"]
[Round "2"]
[White "Abarca, Fabiano"]
[Black "Vilca Taipe, Frank"]
[Result "1-0"]
[WhiteElo "1390"]
[BlackElo "1706"]
[PlyCount "45"]
[EventDate "2013.06.27"]
[EventType "swiss"]
[EventRounds "8"]
[EventCountry "PER"]
[SourceTitle "EXT 2018"]
[Source "ChessBase"]
[SourceDate "2017.10.13"]
[SourceVersion "1"]
[SourceVersionDate "2017.10.13"]
[SourceQuality "1"]

1. c4 e5 2. g3 Bc5 3. Bg2 Qf6 4. e3 d6 5. Nf3 Bg4 6. 0-0 Nc6 7. Nc3 0-0-0 8. a3 Nd4 9. exd4 exd4 10. Ne4 Qe7 11. Re1 Kb8 12. Nxc5 Qf8 13. Nxb7 Kxb7 14. Nxd4+ c6 15. Bxc6+ Kc7 16. Qxg4 g6 17. Re8 Qg7 18. Qe4 Nf6 19. Qf4 Rhxe8 20. Nb5+ Kc8 21. Qd4 d5 22. Qxa7 Rd7 23. Qa8# 1-0